Unemployment Aspects of Regional Development (The Cases of the Czech and Slovak Republics)
Nezamestnanosť a jej vplyv na socioekonomické charakteristiky populácie. Korelácia medzi nezamestnanosťou a mzdami v Česku a na Slovensku. Porovnanie regionálnej diferenciácie nezamestnanosti v ČR a SR za rok 2015. Genderovo podmienená nezamestnanosť, dlhodobá nezamestnanosť.
Gespeichert in:
| 1. Verfasser: | |
|---|---|
| Weitere Verfasser: | , |
| Format: | Buchkapitel |
| Sprache: | Englisch |
| Schlagworte: | |
| Tags: |
Keine Tags, Fügen Sie das erste Tag hinzu!
|
MARC
| LEADER | 00000naa a2200000 4500 | ||
|---|---|---|---|
| 001 | 0248956 | ||
| 005 | 20250612120255.3 | ||
| 041 | 0 | |a eng | |
| 044 | |a US | ||
| 245 | 1 | 0 | |a Unemployment Aspects of Regional Development (The Cases of the Czech and Slovak Republics) |c A. Privara, E. Rievajová, B. Dziura |
| 520 | |a Nezamestnanosť a jej vplyv na socioekonomické charakteristiky populácie. Korelácia medzi nezamestnanosťou a mzdami v Česku a na Slovensku. Porovnanie regionálnej diferenciácie nezamestnanosti v ČR a SR za rok 2015. Genderovo podmienená nezamestnanosť, dlhodobá nezamestnanosť. | ||
| 610 | 2 | 0 | |a trh práce |
| 610 | 2 | 0 | |a nezamestnanosť |
| 610 | 2 | 0 | |a nezamestnanosť dlhodobá |
| 610 | 2 | 0 | |a miera nezamestnanosti |
| 610 | 2 | 0 | |a diskriminácia rodová |
| 610 | 2 | 0 | |a diskriminácia veková |
| 610 | 2 | 0 | |a regióny |
| 610 | 2 | 0 | |a rozdiely regionálne |
| 610 | 2 | 0 | |a diferenciácia regionálna |
| 610 | 2 | 0 | |a rozvoj regionálny |
| 610 | 2 | 0 | |a Česko |
| 100 | 1 | |a Přívara, Andrej, 1983- | |
| 700 | 1 | |a Rievajová, Eva | |
| 700 | 1 | |a Dziura, Boris, 1976- | |